000 00369 a2200157 4500
001 152004
020 _a9788572327855
040 _cEscola São Tomás de Aquino
100 _aMACEDO, Joaquim Manuel
240 1 0 _aA carteira do meu tio
_lpor
245 1 0 _aA carteira do meu tio
300 _a125
362 0 _a2009
697 _aLITERATURA BRASILEIRA
942 _cBK
999 _c152004
_d152004